Bodies of song : (Record no. 102260)

MARC details
000 -LEADER
fixed length control field 01052nam a22002537a 4500
005 - DATE AND TIME OF LATEST TRANSACTION
control field 20250612111546.0
010 ## - LCCN (DPL NO)
LC control number ENG-118410 B-663883 ENG-145330
020 ## - INTERNATIONAL STANDARD BOOK NUMBER
International Standard Book Number 9788178244686
Terms of availability 895.00
035 ## - SYSTEM CONTROL NUMBER
System control number B-647735-740
035 ## - SYSTEM CONTROL NUMBER
System control number EN-101942
035 ## - SYSTEM CONTROL NUMBER
System control number EN-128862
035 ## - SYSTEM CONTROL NUMBER
System control number B-663883
037 ## - SOURCE OF ACQUISITION
Stock number DPL
Source of stock number/acquisition B.W.
037 ## - SOURCE OF ACQUISITION
Source of stock number/acquisition DBAD/PUB
082 ## - DEWEY DECIMAL CLASSIFICATION NUMBER
Classification number 891.4312
100 ## - MAIN ENTRY--PERSONAL NAME
Personal name Hess, Linda
245 ## - TITLE STATEMENT
Title Bodies of song :
Statement of responsibility, etc by Linda Hess
Remainder of title Kabir oral traditions and preformative worlds in north India /
260 ## - PUBLICATION, DISTRIBUTION, ETC. (IMPRINT)
Place of publication, distribution, etc Ranikhet
Name of publisher, distributor, etc Permanent Black
Date of publication, distribution, etc 2015
270 ## - ADDRESS
Address 'Himalayana',Mall Road,Ranikhet Cantt,
City Ranykhet
Postal code 263645
300 ## - PHYSICAL DESCRIPTION
Extent 467p.
Other physical details 23cm.(HB)
942 ## - ADDED ENTRY ELEMENTS (KOHA)
Source of classification or shelving scheme Dewey Decimal Classification
Item type English Books
Call number suffix HES
Classification part 891.4312
Holdings
Withdrawn status Lost status Not for loan Collection code Home library Current library Date acquired Source of acquisition Cost, normal purchase price Full call number Barcode Copy number Cost, replacement price Koha item type
      Non-fiction Ashok Vihar Ashok Vihar 28/02/2018 Bookwell-BL 1028/25.2.17/443/15.2.17/1.3.17 895.00 891.4312 HES B-663883 1 895.00 English Books
    Not For Loan Non-fiction D.B.Act.Division Bawana 25/05/2017 DBAD/PUB 895.00 891.4312 HES EN-101942 1 895.00 English Books
      Non-fiction Central Library Central Library 08/03/2017 BPPD/EN/2016-17/287/24.11.2016/0716/7.12.2016/2.1.2017 895.00 891.4312 HES B-647735 1 895.00 English Books
      Non-fiction Janak Puri Janak Puri 08/03/2017 BPPD/EN/2016-17/287/24.11.2016/0716/7.12.2016/2.1.2017 895.00 891.4312 HES B-647738 1 895.00 English Books
      Non-fiction Karol Bagh Karol Bagh 08/03/2017 BPPD/EN/2016-17/287/24.11.2016/0716/7.12.2016/2.1.2017 895.00 891.4312 HES B-647739 1 895.00 English Books
      Non-fiction Kasturba Gandhi Marg Kasturba Gandhi Marg 08/03/2017 BPPD/EN/2016-17/287/24.11.2016/0716/7.12.2016/2.1.2017 895.00 891.4312 HES B-647737 1 895.00 English Books
      Non-fiction Patel Nagar Patel Nagar 08/03/2017 BPPD/EN/2016-17/287/24.11.2016/0716/7.12.2016/2.1.2017 895.00 891.4312 HES B-647736 1 895.00 English Books
      Non-fiction RC3 Shakur Pur RC3 Shakur Pur 12/06/2025 Delivery of Books Act Division 895.00 HES 891.4312 EN-128862 1 895.00 English Books
      Non-fiction Shahdara Branch Shahdara Branch 08/03/2017 BPPD/EN/2016-17/287/24.11.2016/0716/7.12.2016/2.1.2017 895.00 891.4312 HES B-647740 1 895.00 English Books

© Delhi Public Library
Hit Counter
free hit counter